000 00682nam a2200241Ia 4500
003 OSt
005 20221005113807.0
006 a|||||r|||| 00| 0
007 ta
008 221004b |||||||| |||| 00| 0 urd d
020 _c225.00
024 _a28094
037 _b3390, 26/03/2010, Educational Publishing House
_cTextual
040 _aCRL
_cCRL
_burd
041 _2urd
_aurd
082 _aO168,1N31x, P7
100 _aAhmad Faraz
_9185228
245 0 _aAe ishq junu peshah
260 _c2007
650 _aURDU POETRY
942 _hO168,1N31x, P7
_cTEXL
_2cc
999 _c1029279
_d1029279